000 00527ntaaa2200205 4500
003 01
005 20251027200918.0
008 0714s1973 ag 01
020 _a8472850528
040 _aAR-BaBN
_bspa
_cAR-BaBN
_eaacr
_dRIC
082 _a228 G77a
100 _aGrau, José
_9704
245 _aEstudios sobre el Apocalipsis /
_cJosé Grau
250 _a1 ed.
260 _aTarrasa :
_bClie,
_c1977
300 _a344 p ;
_c18 cm
650 _aEscatologia
_91720
650 _aBiblia-Nuevo Testamento-Apocalipsis
942 _cBK
999 _c3080
_d3080